Feminist social thought: An introduction to six key thinkers (Record no. 394604)

MARC details
000 -LEADER
fixed length control field 00548 a2200205 4500
005 - DATE & TIME
control field 20260121101102.0
008 - FIXED-LENGTH DATA ELEMENTS--GENERAL INFORMATION
fixed length control field 260120b |||||||| |||| 00| 0 eng d
020 ## - ISBN
International Standard Book Number 9788131613863
Price Rs.1895.00
040 ## - CATALOGING SOURCE
Original cataloging agency VIVEKANANDA LIBRARY
082 ## - DDC NUMBER
Classification number 305.4201
Book Number B469F(2)
100 ## - MAIN ENTRY--PERSONAL NAME
Personal name Bhagwat, Vidyut
245 ## - TITLE STATEMENT
Title Feminist social thought: An introduction to six key thinkers
250 ## - EDITION STATEMENT
Edition statement 2nd
260 ## - PUBLICATION, DISTRIBUTION, ETC. (IMPRINT)
Name of publisher, distributor, etc Rawat Publications
Date of publication, distribution, etc 2024
Place of publication, distribution, etc Jaipur
300 ## - PHYSICAL DESCRIPTION
Pages 415
650 ## - Subject
Subject Social Sciences
650 ## - Subject
Subject Social Groups
650 ## - Subject
Subject Feminist Theory
942 ## - ADDED ENTRY ELEMENTS (KOHA)
Koha item type Books
Holdings
Withdrawn status Lost status Source of classification or shelving scheme Damaged status Not for loan Location (home branch) Sublocation or collection (holding branch) Shelving location Date acquired Koha issues (times borrowed) Koha full call number Accession No. Koha date last seen Koha item type
    Dewey Decimal Classification     VIVEKANANDA LIBRARY VIVEKANANDA LIBRARY Vivekananda Library 16/12/2025   305.4201 B469F(2) 443694 16/12/2025 Books
© Designed and Maintained by Vivekananda Library, MDU Rohtak